Značky sa u nás dlho neohrejú

Slovenských výrobcov textilu a obuvi na domácom trhu ohrozuje dovoz lacného textilu a obuvi z ázijských krajín, Mnohí výrobcovia sa preto usilujú umiestniť svoje výrobky na zahraničné trhy. Spôsoby zvýšenia konkurencieschopnosti slovenských výrobcov obuvi a textilu. Kde nakupujú Česi textil a obuv,...

Ausführliche Beschreibung

Gespeichert in:
Bibliographische Detailangaben
1. Verfasser: Košťál, Daniel
Format: Buchkapitel
Sprache:Slowakisch
Schlagworte:
Tags: Tag hinzufügen
Keine Tags, Fügen Sie das erste Tag hinzu!

MARC

LEADER 00000naa$a2200000$$$4500
001 0033958
005 20231107130022.5
041 0 |a slo 
044 |a SK 
245 1 0 |a Značky sa u nás dlho neohrejú  |c Daniel Košťál 
520 |a Slovenských výrobcov textilu a obuvi na domácom trhu ohrozuje dovoz lacného textilu a obuvi z ázijských krajín, Mnohí výrobcovia sa preto usilujú umiestniť svoje výrobky na zahraničné trhy. Spôsoby zvýšenia konkurencieschopnosti slovenských výrobcov obuvi a textilu. Kde nakupujú Česi textil a obuv, faktory výberu predajne v Česku. 
610 2 0 |a trh tovarový 
610 2 0 |a textil 
610 2 0 |a obuv 
610 2 0 |a dovoz 
610 2 0 |a Čína 
610 2 0 |a konkurencieschopnosť 
610 2 0 |a dopyt spotrebiteľský 
610 2 0 |a Slovensko 
610 2 0 |a Česko 
100 1 |a Košťál, Daniel